| 000 | | | 05506cbm0a2200337#x 450 |
| 001 | | | c97ad9e8-2965-4bec-9c7a-1d8b06ad0bfe |
| 005 | | | 20250410131412.0 |
| 100 | ## | $a | 20250410j19450320k###0rusy50 ca |
| 101 | 0# | $a | rus |
| 102 | ## | $a | DE |
| 122 | 0# | $a | d19450320## |
| 200 | 1# | $a | Директива № 00148/оп командования 1-го Украинского фронта командующему 60-й армией о развитии наступательной операции в целях разгрома Ратиборской группировки противника |
| | $j | 20 марта 1945 г. |
| 251 | ## | $c | Документ |
| 300 | ## | $a | Копия |
| 461 | #0 | $1 | 2001 |
| | $a | Ф. 302 |
| | $1 | 251 |
| | $c | Фонд |
| | $1 | 852 |
| | $j | 302 |
| 462 | #0 | $1 | 2001 |
| | $a | Оп. 4196 |
| | $1 | 251 |
| | $c | Опись |
| | $1 | 852 |
| | $j | 4196 |
| 462 | #0 | $1 | 2001 |
| | $a | Д. 113 |
| | $v | Л. 43-44 |
| | $1 | 251 |
| | $c | Дело |
| | $1 | 852 |
| | $j | 113 |
| 601 | 02 | $2 | nlr_sh |
| | $3 | RU\NLR\AUTH\6601548633 |
| | $a | Украинский фронт |
| | $c | 1; 1943 - 1945 |
| | $j | Документы и материалы |
| 605 | ## | $2 | prlib_sh |
| | $3 | LIBNET\UAF\0000088514 |
| | $a | Вторая мировая война в архивных документах (Комплекс оцифрованных архивных документов, кино- и фотоматериалов) |
| | $l | коллекция |
| 605 | ## | $2 | acquisition_Prlib |
| | $3 | DITM\AF\0000002775 |
| | $a | Власть |
| | $l | коллекция |
| 605 | ## | $2 | acquisition_Prlib |
| | $3 | DITM\AF\0000003834 |
| | $a | Народ |
| | $l | коллекция |
| 606 | 1# | $2 | nlr_sh |
| | $3 | RU\NLR\AUTH\66181432 |
| | $a | Кенигсбергская операция |
| | $z | 1945 |
| | $j | Документы и материалы |
| 606 | 1# | $2 | nlr_sh |
| | $3 | RU\NLR\AUTH\661520861 |
| | $a | Великая Отечественная война |
| | $z | 1941 - 1945 |
| | $z | Третий период |
| | $z | 1944 – 1945 |
| | $j | Документы и материалы |
| 606 | 1# | $2 | prlib_sh |
| | $3 | LIBNET\UAF\0000116641 |
| | $a | Верхнесилезская операция |
| | $z | 1945 |
| | $j | Документы и материалы |
| 686 | ## | $a | 63.3(2)622,13ю1 |
| | $2 | rubbk |
| | $v | LBC/M |
| 686 | ## | $a | 63.3(0)62,1ю1 |
| | $2 | rubbk |
| | $v | LBC/M |
| 801 | #0 | $a | RU |
| | $b | ПБ им. Б.Н. Ельцина |
| | $c | 20250410 |
| 801 | #1 | $a | RU |
| | $b | ПБ им. Б.Н. Ельцина |
| | $c | 20250410 |
| | $2 | rusmarc |
| 801 | #2 | $a | RU |
| | $b | ПБ им. Б.Н. Ельцина |
| | $c | 20250410 |
| | $2 | rusmarc |
| 850 | ## | $a | Центральный архив Министерства обороны Российской Федерации |
| 852 | ## | $a | ЦА МО РФ |
| | $j | Л. 43-44 |
| 035 | ## | $a | LIBNET\0001467279 |
| 937 | ## | $d | 196598931 |
| | $h | Федеральное архивное агентство |
| 856 | 4# | $u | http://readingroom.main.prlib.ru/item.aspx?id_node=n196598931&mode=full |